Las mujeres en la guerra (Record no. 59624)

MARC details
000 -LEADER
campo de control de longitud fija 00901cac a2200265 a 4500
003 - IDENTIFICADOR DE NÚMERO DE CONTROL
campo de control Co-PeBPM
005 - FECHA Y HORA DE LA ÚLTIMA TRANSACCIÓN
campo de control 20241106142000.0
008 - DATOS DE LONGITUD FIJA--INFORMACIÓN GENERAL
campo de control de longitud fija 161108s2016 ck g 000 0 spa
020 ## - NÚMERO INTERNACIONAL ESTÁNDAR DEL LIBRO
Número Internacional Estándar del Libro 9789584240132
020 ## - NÚMERO INTERNACIONAL ESTÁNDAR DEL LIBRO
Número Internacional Estándar del Libro 9584240137
040 ## - FUENTE DE CATALOGACIÓN
Centro catalogador/agencia de origen Co-PeBPM
Lengua de catalogación spa
Centro/agencia transcriptor Co-PeBPM
Normas de descripción rda
082 04 - NÚMERO DE LA CLASIFICACIÓN DECIMAL DEWEY
Número de clasificación 305.4 L318m
100 1# - ENTRADA PRINCIPAL--NOMBRE DE PERSONA
Nombre de persona Lara Salive, Patricia
Fechas asociadas al nombre 1951-
Término indicativo de función/relación autor
245 10 - MENCIÓN DEL TÍTULO
Título Las mujeres en la guerra
Mención de responsabilidad, etc. / Patricia Lara
250 ## - MENCION DE EDICION
Mención de edición Tercera edición
260 ## - PUBLICACIÓN, DISTRIBUCIÓN, ETC.
Lugar de publicación, distribución, etc. Bogotá, Colombia
Nombre del editor, distribuidor, etc. : Editorial planeta
Fecha de publicación, distribución, etc. , 2016
300 ## - DESCRIPCIÓN FÍSICA
Extensión 299 páginas
Dimensiones ; 19 centímetros
490 ## - MENCIÓN DE SERIE
Mención de serie Planeta lector : contemporáneo
650 14 - PUNTO DE ACCESO ADICIONAL DE MATERIA--TÉRMINO DE MATERIA
Fuente del encabezamiento o término LEMB
Término de materia o nombre geográfico como elemento de entrada Mujeres como guerrilleras
Subdivisión geográfica Colombia
650 14 - PUNTO DE ACCESO ADICIONAL DE MATERIA--TÉRMINO DE MATERIA
Fuente del encabezamiento o término LEMB
Término de materia o nombre geográfico como elemento de entrada Mujeres
Subdivisión de forma Actividad política
Subdivisión geográfica Colombia
650 14 - PUNTO DE ACCESO ADICIONAL DE MATERIA--TÉRMINO DE MATERIA
Fuente del encabezamiento o término LEMB
Término de materia o nombre geográfico como elemento de entrada Conflicto armado
Subdivisión geográfica Colombia
650 14 - PUNTO DE ACCESO ADICIONAL DE MATERIA--TÉRMINO DE MATERIA
Fuente del encabezamiento o término LEMB
Término de materia o nombre geográfico como elemento de entrada Guerra y sociedad
Subdivisión cronológica Colombia
650 14 - PUNTO DE ACCESO ADICIONAL DE MATERIA--TÉRMINO DE MATERIA
Fuente del encabezamiento o término LEMB
Término de materia o nombre geográfico como elemento de entrada Guerra y mujeres
Subdivisión de forma Relatos personales
Subdivisión geográfica Colombia
942 ## - ELEMENTOS DE ENTRADA SECUNDARIOS (KOHA)
Fuente del sistema de clasificación o colocación Clasificación Decimal Dewey
Tipo de ítem Koha Libros
Holdings
Estatus retirado Estado de pérdida Fuente del sistema de clasificación o colocación Estado de daño No para préstamo Colección Biblioteca de origen Biblioteca actual Ubicación en estantería Fecha de adquisición Total de préstamos Signatura topográfica completa Código de barras Visto por última vez Copia número Precio de reemplazo Tipo de ítem Koha
    Clasificación Decimal Dewey     General BIBLIOTECA HUGO ANGEL JARAMILLO BIBLIOTECA HUGO ANGEL JARAMILLO Colección general 20/10/2023   305.4 L17m 62050 20/10/2023 Ej. 1 20/10/2023 Libros
    Clasificación Decimal Dewey       BIBLIOTECA SAN JOAQUIN BIBLIOTECA SAN JOAQUIN   06/11/2024   305.4 L318m 60522 06/11/2024 Ej.1 06/11/2024 Libros

Powered by Koha